| 000 | 00000nam 2200000za 4500 |
| 001 | 9.676802 |
| 003 | CaOODSP |
| 005 | 20250411091438 |
| 007 | cr ||||||||||| |
| 008 | 150407|1985||||xxc|||||o f|0| 0 fre d |
| 040 | |aCaOODSP|bfre |
| 041 | |aeng |
| 041 | |afre |
| 043 | |an-cn--- |
| 086 | 1 |aYX44-1985/9-1-PDF |
| 110 | 1 |aCanada.|bStatuts. |
| 245 | 10|aLois révisées du Canada (1985). Appendices / |h[ressource électronique]|c[publ. par] Imprimeur de la reine pour le Canada. |
| 250 | |aRéimprimé (couverture souple) 2003 |
| 260 | |aOttawa - Ontario : |bStatuts |c2003, c1985. |
| 300 | |a489p. |
| 500 | |a« Révision réalisée sous le régime de la Loi sur la révision des lois »--p.1 de 489. Sommaire partiel : Appendice I, Annexe donnant la liste des textes abrogés à compter de l'entrée en vigueur des Lois révisées du Canada (1985) -- Appendice II, Lois et documents constitutionnels -- Appendices III, Déclaration canadienne des droits. Le n° de catalogue (YX44-1985/9-1) et l'ISBN (0-660-62328-5) de l'édition imprimée bilingue ont été copiés dans l'édition électronique. |
| 590 | |a14-22-Supp|b2014-12-24 |
| 691 | 07|aLégislation|2gcpds |
| 776 | 0#|tRevised Statutes of Canada, 1985, Appendices |w(CaOODSP)9.664615 |
| 791 | |tRevised Statutes of Canada, 1985. Appendices / |eeng|w(CaOODSP)9.676801 |
| 856 | 40|ahttp://publications.gc.ca|qPDF|s7.96 Mo|uhttps://publications.gc.ca/collections/collection_2014/lois-statutes/YX44-1985-9-1.pdf |